| 000 | 01222nam a2200301 c 4500 | ||
|---|---|---|---|
| 999 |
_c447288 _d447288 |
||
| 003 | BLK | ||
| 005 | 20240422131017.0 | ||
| 008 | 180411b bul|||||r ||||||| ||bul|| | ||
| 040 | _aBLK | ||
| 041 |
_aBUL _cBUL |
||
| 080 |
_aМесо и месни продукти (хранителни) (Вж и 664. 9 ; 637. 51) _b637.5 _x(497.215)(062) _z637.5(497.215)(062) |
||
| 100 |
_aНедков, Александър Георгиев _d1946- _9304267 |
||
| 139 |
_aНедков, Александър Георгиев и др. _bН 45 |
||
| 245 | 1 | 0 |
_a100 години месопромишленост в Русе _b1886 - 1986 _cАлександър Недков, Боян Драганов _h[Малотир. изд.] |
| 257 | _aBGR | ||
| 260 |
_bДСО Родопа _c1986 _9424764 _aРусе |
||
| 300 |
_a108 с. _c21 см |
||
| 380 | _a63 | ||
| 653 | 7 |
_9190864 _aмесна промишленост |
|
| 653 | 0 |
_9467704 _aмесопреработване |
|
| 700 | 1 |
_aДраганов, Боян Димитров _eсъавт. _964945 |
|
| 852 |
_bК _cК 63/Н 45 |
||
| 856 | 4 | _qpdf | |
| 856 | 4 | _qpdf | |
| 942 |
_cKNG _n0 _s1 _02 |
||
| 944 |
_aCR _c2022-03-07 _k30560 _lГеновева Генчева |
||
| 999 | _d447288 | ||